000 00302nam a2200133Ia 4500
005 20251222155205.0
008 251222s9999||||xx |||||||||||||| ||spa||
082 _aNUT. 09
100 _aCHARLEY Helen.
245 0 _aTecnologĂ­a de Alimentos
250 _a1ra. ed.
264 _bLimusa
942 _cLIB
999 _c40074
_d40074